00366nam a2200181Ia 4500003000900000008004100009040001300050040001300063041000800076100002100084245002000105250001100125260001200136260000900148300001100157300001000168490000600178IT-RoPAU120407s9999 xx 000 0 und d aIT-RoPAU cIT-RoPAU aita aJacques Duquesne aLes prè€tres.  aParis  aGrasset c1965 a310 p. c21 cm v1